#1 U.S. Spotify - Statistics

General Stats
  • This quiz has been taken 6 times
  • The average score is 7 of 18
Answer Stats
Hint Answer % Correct
Canada Justin Bieber
100%
Canada Drake
83%
USA Taylor Swift
83%
Canada The Weeknd
83%
Puerto Rico Bad Bunny
50%
USA Kendrick Lamar
50%
USA Beyonce
33%
USA Future
33%
USA Lil Baby
33%
USA Sabrina Carpenter
33%
UK Harry Styles
17%
USA Morgan Wallen
17%
USA SZA
17%
USA Tyler The Creator
17%
USA Juice WRLD
0%
USA Kanye West
0%
USA Playboi Carti
0%
USA Zach Bryan
0%
No matching quizzes found
Score Distribution
Percent of People with Each Score
Percentile by Number Answered
Your Score History
You have not taken this quiz